Top 15 piosenek z największą ilością wyświetleń - Statystyki

Ogólne statystyki
  • Ten quiz został rozwiązany 1 037 razy
  • Średni wynik to 8 z 15
Statystyki odpowiedzi
Numer i wykonawca Piosenka % Poprawnych
1. Luis Fonsi ft. Daddy Yankee Despacito
96%
2. Ed Sheeran Shape of You
79%
3. Wiz Khalifa ft. Charlie Puth See You Again
72%
5. PSY Gangam Style
68%
15. Adele Hello
62%
7. Maroon 5 Sugar
52%
8. Katy Perry Roar
49%
6. Justin Bieber Sorry
46%
4. Mark Ronson ft. Bruno Mars Uptown Funk
42%
12. OneRepublic Counting Stars
40%
9. Taylor Swift Shake It Off
38%
14. Major Lazer & DJ Snake Lean on
33%
13. Katy Perry ft. Juicy J Dark Horse
32%
10. Enrique Iglesias ft. Descemer Bueno, Gente de Zona Bailando
27%
11. Ed Sheeran Thinking Out Loud
21%
Nie znaleziono quizów pasujących do podanych kryteriów
Rozkład punktacji
Procent ludzi z każdym wynikiem
Percentyl według liczby udzielonych odpowiedzi
Twoja historia wyników
Nie rozwiązałeś tego quizu